| 000 | 00411 a2200121 4500 | ||
|---|---|---|---|
| 001 | ART_46055 | ||
| 005 | 20260410161731.0 | ||
| 008 | 260409a | ||
| 245 | 1 | 0 | _aEvolución de las funciones de utilidad para la toma de decisiones |
| 100 | 1 | _aEl Alabi, Emilio | |
| 700 | 1 | _aMilanesi, Gastón S. | |
| 773 | 0 |
_tEscritos contables y de administración _g- Vol. 6, Nº 1 (ene./jun. 2015) _wREV2758 |
|
| 999 |
_c17844 _d17844 |
||